000 00382nam a2200157Ia 4500
008 110201s9999 xx 000 0 und d
082 _bB7303
_aBAL 1951
100 _aEnid blyton
245 _aThe vgly old scarecrow
365 _b0
600 _aEnid blyton
630 _aThe vgly old scarecrow
700 _aEnid blyton
730 _aThe vgly old scarecrow
942 _cBOOK
999 _c832839
_d832836